| 000 | 00697nam a2200229 a 4500 | ||
|---|---|---|---|
| 001 | 65822 | ||
| 003 | BD-RJUL | ||
| 005 | 20211209081452.0 | ||
| 008 | 170312s1950 enka 001 0 eng d | ||
| 035 | _a(BD-RJUL) 65952 | ||
| 040 |
_aCUV _cCUV _dBD-RJUL _beng |
||
| 041 | _aeng | ||
| 082 | 0 | 4 |
_a580 _223 _bHOP 1950 |
| 100 | 1 |
_aHowarth, W. O. _q(Willis Openshaw) _9194639 |
|
| 245 | 1 | 0 |
_aPractical botany / _cby W.O. Howarth and L.G.G. Warne. |
| 260 |
_aLondon : _bUniversity Tutorial Press, _c1950 |
||
| 300 |
_a159 p.: _bill.; _c22 cm. |
||
| 500 | _aIncludes Index. | ||
| 650 | 0 |
_aBotany _vLaboratory manuals. _9194640 |
|
| 700 | 1 |
_aWarne, L. G. G. _q(Leslie Gordon Glynn) _9194641 |
|
| 942 |
_2ddc _cBK |
||
| 999 |
_c65822 _d65822 |
||